[Event "WYCC Open U18"]
[Site "Porto Carras"]
[Date "2015.10.26"]
[Round "2.12"]
[White "Xu, Xianliang"]
[Black "Mosadeghpour, Masoud"]
[Result "0-1"]
[BlackElo "2420"]
[WhiteElo "2306"]
[LiveChessVersion "1.4.6"]

1. c4 {[%clk 1:30:54]} Nf6 {[%clk 1:30:53]} 2. Nc3 {[%clk 1:31:05]} d5
{[%clk 1:31:12]} 3. cxd5 {[%clk 1:31:19]} Nxd5 {[%clk 1:31:36]} 4. g3
{[%clk 1:31:18]} g6 {[%clk 1:31:48]} 5. Bg2 {[%clk 1:31:01]} c6 {[%clk 1:31:56]}
6. Nf3 {[%clk 1:31:09]} Bg7 {[%clk 1:32:21]} 7. d4 {[%clk 1:30:29]} O-O
{[%clk 1:32:43]} 8. O-O {[%clk 1:30:43]} Na6 {[%clk 1:32:04]} 9. Qb3
{[%clk 1:29:46]} Nb6 {[%clk 1:30:33]} 10. Rd1 {[%clk 1:29:15]} Qe8
{[%clk 1:28:06]} 11. Bf4 {[%clk 1:12:54]} Be6 {[%clk 1:19:19]} 12. Qc2
{[%clk 1:12:14]} c5 {[%clk 1:14:07]} 13. d5 {[%clk 0:59:56]} Nb4 {[%clk 1:10:00]}
14. Qb3 {[%clk 0:55:35]} N4xd5 {[%clk 1:08:42]} 15. Nxd5 {[%clk 0:50:32]} c4
{[%clk 1:08:40]} 16. Qc2 {[%clk 0:38:17]} Bxd5 {[%clk 1:04:51]} 17. e4
{[%clk 0:38:03]} Bc6 {[%clk 1:03:52]} 18. Be5 {[%clk 0:30:19]} Bh6
{[%clk 0:49:28]} 19. Bd4 {[%clk 0:26:52]} Rc8 {[%clk 0:48:43]} 20. b3
{[%clk 0:17:44]} Bd7 {[%clk 0:38:34]} 21. Qb2 {[%clk 0:14:53]} Bg4
{[%clk 0:38:04]} 22. h3 {[%clk 0:11:04]} Bxf3 {[%clk 0:36:07]} 23. Bxf3
{[%clk 0:11:30]} Qc6 {[%clk 0:36:35]} 24. bxc4 {[%clk 0:09:26]} Nxc4
{[%clk 0:33:02]} 25. Qe2 {[%clk 0:09:00]} Qa4 {[%clk 0:23:15]} 26. e5
{[%clk 0:07:57]} Nd2 {[%clk 0:21:47]} 27. Be3 {[%clk 0:05:02]} Nxf3+
{[%clk 0:20:00]} 28. Qxf3 {[%clk 0:05:31]} Qa3 {[%clk 0:18:56]} 29. Re1
{[%clk 0:05:22]} Rc3 {[%clk 0:18:17]} 30. Rab1 {[%clk 0:04:28]} b6
{[%clk 0:16:56]} 31. Re2 {[%clk 0:03:58]} Rd8 {[%clk 0:14:24]} 32. Qe4
{[%clk 0:03:50]} Bxe3 {[%clk 0:14:34]} 33. fxe3 {[%clk 0:04:02]} Rc1+
{[%clk 0:14:21]} 34. Rxc1 {[%clk 0:04:17]} Qxc1+ {[%clk 0:14:44]} 35. Kf2
{[%clk 0:03:36]} e6 {[%clk 0:10:19]} 36. Qb7 {[%clk 0:02:38]} Rd1
{[%clk 0:09:33]} 37. Qxa7 {[%clk 0:01:23]} Rf1+ {[%clk 0:03:51]} 38. Kg2
{[%clk 0:01:49]} Rg1+ {[%clk 0:03:55]} 39. Kf3 {[%clk 0:02:08]} Qc6+
{[%clk 0:03:26]} 40. e4 {[%clk 0:31:50]} Qc3+ {[%clk 0:33:48]} 41. Re3
{[%clk 0:32:00]} Rxg3+ {[%clk 0:33:50]} 42. Kxg3 {[%clk 0:32:24]} Qxe3+
{[%clk 0:34:14]} 43. Kh2 {[%clk 0:30:58]} Qf4+ {[%clk 0:33:32]} 44. Kg1
{[%clk 0:30:43]} Qg3+ {[%clk 0:33:36]} 45. Kf1 {[%clk 0:31:09]} Qxh3+
{[%clk 0:33:55]} 46. Ke2 {[%clk 0:31:30]} Qh2+ {[%clk 0:33:32]} 47. Kd3
{[%clk 0:31:47]} Qg3+ {[%clk 0:33:51]} 48. Ke2 {[%clk 0:31:33]} Qxe5
{[%clk 0:33:43]} 49. Qxb6 {[%clk 0:31:44]} Qxe4+ {[%clk 0:33:56]} 50. Kd1
{[%clk 0:31:41]} Qa4+ {[%clk 0:33:20]} 51. Ke1 {[%clk 0:31:42]} h5
{[%clk 0:28:56]} 52. Qb8+ {[%clk 0:31:32]} Kh7 {[%clk 0:28:19]} 53. Qf8
{[%clk 0:31:31]} Qf4 {[%clk 0:27:38]} 54. a4 {[%clk 0:30:34]} h4 {[%clk 0:27:26]}
55. Qa3 {[%clk 0:30:27]} Qg4 {[%clk 0:27:08]} 56. a5 {[%clk 0:29:55]} h3
{[%clk 0:27:25]} 57. Qxh3+ {[%clk 0:29:56]} Qxh3 0-1

[Event "WYCC Open U18"]
[Site "Porto Carras"]
[Date "2015.10.26"]
[Round "2.13"]
[White "Codenotti, Marco"]
[Black "Taylor, Adam C"]
[Result "1-0"]
[BlackElo "2292"]
[WhiteElo "2419"]
[LiveChessVersion "1.4.6"]

1. e4 {[%clk 1:30:57]} e5 {[%clk 1:30:55]} 2. Nf3 {[%clk 1:31:16]} Nc6
{[%clk 1:31:18]} 3. Bb5 {[%clk 1:31:41]} Nf6 {[%clk 1:31:41]} 4. O-O
{[%clk 1:31:59]} Nxe4 {[%clk 1:32:06]} 5. d4 {[%clk 1:32:26]} Nd6
{[%clk 1:32:20]} 6. Bxc6 {[%clk 1:32:52]} dxc6 {[%clk 1:32:44]} 7. dxe5
{[%clk 1:33:18]} Nf5 {[%clk 1:33:08]} 8. Qxd8+ {[%clk 1:33:45]} Kxd8
{[%clk 1:33:32]} 9. Rd1+ {[%clk 1:34:12]} Ke8 {[%clk 1:33:35]} 10. Nc3
{[%clk 1:34:38]} h6 {[%clk 1:29:13]} 11. h3 {[%clk 1:34:53]} Be6 {[%clk 1:20:49]}
12. g4 {[%clk 1:35:12]} Ne7 {[%clk 1:21:08]} 13. Nd4 {[%clk 1:35:39]} Rd8
{[%clk 1:12:31]} 14. Nxe6 {[%clk 1:10:47]} Rxd1+ {[%clk 1:12:42]} 15. Nxd1
{[%clk 1:11:16]} fxe6 {[%clk 1:13:03]} 16. Kg2 {[%clk 1:02:07]} g5
{[%clk 0:48:33]} 17. f4 {[%clk 0:58:40]} gxf4 {[%clk 0:47:59]} 18. Bxf4
{[%clk 0:59:08]} Ng6 {[%clk 0:47:34]} 19. Bg3 {[%clk 0:59:35]} Bg7
{[%clk 0:39:38]} 20. Nf2 {[%clk 0:57:14]} Nxe5 {[%clk 0:32:41]} 21. Re1
{[%clk 0:55:52]} Nc4 {[%clk 0:29:56]} 22. b3 {[%clk 0:56:03]} Nd6
{[%clk 0:29:46]} 23. Rxe6+ {[%clk 0:56:19]} Kf7 {[%clk 0:29:35]} 24. Re2
{[%clk 0:54:22]} Re8 {[%clk 0:11:47]} 25. Rxe8 {[%clk 0:53:31]} Nxe8
{[%clk 0:12:13]} 26. Nd3 {[%clk 0:53:37]} Bf8 {[%clk 0:10:03]} 27. Bf4
{[%clk 0:52:06]} Kg7 {[%clk 0:09:54]} 28. Be3 {[%clk 0:47:57]} b6
{[%clk 0:09:29]} 29. Nf4 {[%clk 0:43:10]} Kf7 {[%clk 0:07:37]} 30. Kf3
{[%clk 0:41:43]} Nd6 {[%clk 0:05:50]} 31. Ne2 {[%clk 0:42:11]} c5
{[%clk 0:04:20]} 32. c4 {[%clk 0:41:09]} c6 33. Ng3 {[%clk 0:39:24]} Ke6
{[%clk 0:03:14]} 34. Bf4 {[%clk 0:39:06]} Nf7 {[%clk 0:03:13]} 35. h4
{[%clk 0:31:35]} Bd6 {[%clk 0:02:43]} 36. Ne4 {[%clk 0:29:56]} Bxf4
{[%clk 0:02:12]} 37. Kxf4 {[%clk 0:30:25]} Ne5 {[%clk 0:01:07]} 38. g5
{[%clk 0:30:54]} hxg5+ {[%clk 0:01:35]} 39. Nxg5+ {[%clk 0:30:37]} Kf6
{[%clk 0:01:54]} 40. Ne4+ {[%clk 1:01:01]} Ke6 {[%clk 0:32:17]} 41. h5
{[%clk 1:01:29]} Nd3+ {[%clk 0:26:16]} 42. Kg5 {[%clk 1:00:49]} Kf7
{[%clk 0:25:24]} 43. h6 {[%clk 1:00:25]} Kg8 {[%clk 0:22:16]} 44. Nd6
{[%clk 0:48:32]} Kh7 {[%clk 0:20:24]} 45. Nc8 {[%clk 0:48:59]} Nc1
{[%clk 0:19:26]} 46. Nxa7 {[%clk 0:49:15]} Nxa2 {[%clk 0:19:25]} 47. Nxc6
{[%clk 0:49:41]} Nc1 {[%clk 0:19:31]} 48. b4 {[%clk 0:50:10]} cxb4
{[%clk 0:10:20]} 49. Nxb4 {[%clk 0:50:39]} Nb3 {[%clk 0:10:32]} 50. Nd5
{[%clk 0:50:02]} Nd4 {[%clk 0:10:15]} 51. Nf6+ {[%clk 0:49:46]} Kh8
{[%clk 0:10:37]} 52. Nd7 {[%clk 0:46:29]} b5 {[%clk 0:06:52]} 53. Kg6
{[%clk 0:45:50]} Ne6 {[%clk 0:02:03]} 54. cxb5 {[%clk 0:46:08]} Nf4+
{[%clk 0:02:16]} 55. Kf5 {[%clk 0:45:58]} Nd5 {[%clk 0:02:22]} 56. Nf6
{[%clk 0:44:48]} Ne7+ {[%clk 0:00:50]} 57. Ke6 {[%clk 0:44:21]} Nc6
{[%clk 0:01:16]} 58. b6 {[%clk 0:44:35]} Nd4+ {[%clk 0:01:32]} 59. Kd5
{[%clk 0:44:58]} Nc6 {[%clk 0:01:16]} 60. h7 {[%clk 0:45:23]} Na5
{[%clk 0:01:31]} 61. Kc5 {[%clk 0:44:13]} Kg7 {[%clk 0:01:43]} 62. Kb5
{[%clk 0:44:37]} Nb7 {[%clk 0:02:07]} 63. Kc6 {[%clk 0:44:44]} Na5+
{[%clk 0:02:14]} 64. Kc7 {[%clk 0:45:12]} Kh8 {[%clk 0:02:35]} 65. Ne4
{[%clk 0:42:48]} Kxh7 {[%clk 0:02:48]} 66. Nd2 {[%clk 0:42:52]} Kg7
{[%clk 0:02:52]} 67. Nc4 {[%clk 0:43:21]} Nb3 {[%clk 0:02:59]} 68. Kd6
{[%clk 0:43:39]} Nd4 {[%clk 0:02:47]} 69. b7 {[%clk 0:44:07]} Nb5+
{[%clk 0:02:52]} 70. Ke5 {[%clk 0:44:09]} Na7 {[%clk 0:02:53]} 71. Ke4 1-0

[Event "WYCC Open U18"]
[Site "Porto Carras"]
[Date "2015.10.26"]
[Round "2.14"]
[White "Sosa, Tomas"]
[Black "Sokac, Marko"]
[Result "1-0"]
[BlackElo "2277"]
[WhiteElo "2405"]
[LiveChessVersion "1.4.6"]

1. e4 {[%clk 1:30:45]} c5 {[%clk 1:30:38]} 2. Nf3 {[%clk 1:30:49]} d6
{[%clk 1:31:02]} 3. d4 {[%clk 1:31:12]} cxd4 {[%clk 1:31:20]} 4. Nxd4
{[%clk 1:31:34]} Nf6 {[%clk 1:31:42]} 5. Nc3 {[%clk 1:31:59]} g6 {[%clk 1:31:54]}
6. Be2 {[%clk 1:31:39]} Bg7 {[%clk 1:32:09]} 7. O-O {[%clk 1:32:02]} O-O
{[%clk 1:32:34]} 8. Re1 {[%clk 1:29:55]} Nc6 {[%clk 1:32:30]} 9. Nb3
{[%clk 1:30:22]} a6 {[%clk 1:32:23]} 10. Bf1 {[%clk 1:28:01]} b5 {[%clk 1:25:57]}
11. a4 {[%clk 1:16:31]} b4 {[%clk 1:26:15]} 12. Nd5 {[%clk 1:16:56]} Nxd5
{[%clk 1:20:33]} 13. exd5 {[%clk 1:15:30]} Ne5 {[%clk 1:20:33]} 14. a5
{[%clk 1:00:06]} Qc7 {[%clk 1:14:23]} 15. Ra4 {[%clk 0:42:38]} Rb8
{[%clk 1:12:24]} 16. Bd2 {[%clk 0:42:50]} Nc4 {[%clk 1:10:34]} 17. Rxb4
{[%clk 0:37:13]} Nxb2 {[%clk 1:05:04]} 18. Qc1 {[%clk 0:35:07]} Rxb4
{[%clk 1:05:15]} 19. Bxb4 {[%clk 0:35:35]} Bb7 {[%clk 0:50:46]} 20. c4
{[%clk 0:16:58]} Rc8 {[%clk 0:45:51]} 21. c5 {[%clk 0:15:37]} Qb8
{[%clk 0:29:17]} 22. c6 {[%clk 0:08:28]} Bxc6 {[%clk 0:29:05]} 23. dxc6
{[%clk 0:08:57]} Qxb4 {[%clk 0:29:15]} 24. Bxa6 {[%clk 0:07:34]} Rxc6
{[%clk 0:28:56]} 25. Qxc6 {[%clk 0:07:41]} Qxe1+ {[%clk 0:29:22]} 26. Bf1
{[%clk 0:08:06]} Nd3 {[%clk 0:23:26]} 27. Qf3 {[%clk 0:07:12]} Nb4
{[%clk 0:21:21]} 28. a6 {[%clk 0:06:57]} Nxa6 {[%clk 0:21:47]} 29. Qa8+
{[%clk 0:07:26]} Bf8 {[%clk 0:22:17]} 30. Qxa6 {[%clk 0:07:47]} e5
{[%clk 0:21:45]} 31. Qd3 {[%clk 0:05:55]} Qb4 {[%clk 0:21:29]} 32. Qd5
{[%clk 0:04:31]} Kg7 {[%clk 0:21:28]} 33. g3 {[%clk 0:04:49]} Qa4
{[%clk 0:21:10]} 34. Bc4 {[%clk 0:05:04]} Qe8 {[%clk 0:21:33]} 35. Na5
{[%clk 0:03:38]} f5 {[%clk 0:21:30]} 36. Nc6 {[%clk 0:03:34]} Kf6
{[%clk 0:20:09]} 37. f4 {[%clk 0:02:05]} h6 {[%clk 0:19:57]} 38. h4
{[%clk 0:01:25]} g5 {[%clk 0:20:16]} 39. hxg5+ {[%clk 0:01:19]} hxg5
{[%clk 0:20:45]} 40. fxe5+ {[%clk 0:30:41]} dxe5 {[%clk 0:51:06]} 41. Nxe5
{[%clk 0:27:13]} g4 {[%clk 0:48:54]} 42. Nd7+ {[%clk 0:24:10]} 1-0

[Event "WYCC Open U18"]
[Site "Porto Carras"]
[Date "2015.10.26"]
[Round "2.15"]
[White "Viennot, Dylan"]
[Black "Marek, Matyas"]
[Result "1/2-1/2"]
[BlackElo "2398"]
[WhiteElo "2279"]
[LiveChessVersion "1.4.6"]

1. e4 {[%clk 1:30:57]} c5 {[%clk 1:30:56]} 2. Nf3 {[%clk 1:31:21]} d6
{[%clk 1:31:22]} 3. d4 {[%clk 1:31:45]} cxd4 {[%clk 1:31:47]} 4. Qxd4
{[%clk 1:32:11]} Nc6 {[%clk 1:32:13]} 5. Bb5 {[%clk 1:32:33]} a6 {[%clk 1:32:37]}
6. Bxc6+ {[%clk 1:32:55]} bxc6 {[%clk 1:33:06]} 7. h3 {[%clk 1:29:53]} e5
{[%clk 1:30:38]} 8. Qd3 {[%clk 1:30:14]} Be7 {[%clk 1:29:01]} 9. c4
{[%clk 1:29:14]} Nf6 {[%clk 1:29:10]} 10. Nc3 {[%clk 1:28:26]} O-O
{[%clk 1:28:30]} 11. O-O {[%clk 1:23:06]} Qc7 {[%clk 1:27:51]} 12. b3
{[%clk 1:10:45]} Rd8 {[%clk 1:24:26]} 13. Bb2 {[%clk 1:09:10]} Nd7
{[%clk 1:21:58]} 14. Na4 {[%clk 1:05:02]} f6 {[%clk 1:11:41]} 15. c5
{[%clk 0:54:07]} d5 {[%clk 1:00:20]} 16. Rac1 {[%clk 0:44:55]} d4
{[%clk 0:56:51]} 17. Nh4 {[%clk 0:38:20]} Bf8 {[%clk 0:52:25]} 18. f4
{[%clk 0:32:17]} a5 {[%clk 0:45:04]} 19. Qc4+ {[%clk 0:19:41]} Kh8
{[%clk 0:45:27]} 20. Rfd1 {[%clk 0:19:41]} Ra7 {[%clk 0:26:43]} 21. Nf3
{[%clk 0:17:46]} Ba6 {[%clk 0:25:52]} 22. Qe6 {[%clk 0:15:24]} Be2
{[%clk 0:22:16]} 23. Rd2 {[%clk 0:15:48]} Bxf3 {[%clk 0:21:30]} 24. gxf3
{[%clk 0:16:15]} Rb7 {[%clk 0:20:22]} 25. Ba3 {[%clk 0:11:17]} exf4
{[%clk 0:15:26]} 26. Rcd1 {[%clk 0:07:42]} Ne5 {[%clk 0:14:59]} 27. Kg2
{[%clk 0:07:47]} Qb8 {[%clk 0:06:52]} 28. Qf5 {[%clk 0:04:29]} Ng6
{[%clk 0:06:19]} 29. Qe6 {[%clk 0:04:50]} Qe5 {[%clk 0:05:26]} 30. Qxe5
{[%clk 0:02:39]} fxe5 {[%clk 0:05:50]} 31. Nb2 {[%clk 0:02:40]} Rb5
{[%clk 0:05:35]} 32. Nd3 {[%clk 0:02:50]} Be7 {[%clk 0:05:21]} 33. Rc2
{[%clk 0:02:47]} Kg8 {[%clk 0:04:43]} 34. Rb1 {[%clk 0:03:01]} Bh4
{[%clk 0:04:20]} 35. Bc1 {[%clk 0:03:06]} Bg3 {[%clk 0:04:15]} 36. Kf1
{[%clk 0:03:31]} Ra8 {[%clk 0:00:59]} 37. Bd2 {[%clk 0:03:03]} a4
{[%clk 0:01:00]} 38. b4 {[%clk 0:03:05]} Kf7 {[%clk 0:00:53]} 39. Ke2
{[%clk 0:02:05]} Ke6 {[%clk 0:00:57]} 40. a3 {[%clk 0:32:21]} Bh4
{[%clk 0:30:35]} 41. Rg1 {[%clk 0:27:32]} Bf6 {[%clk 0:27:54]} 42. Be1
{[%clk 0:27:11]} Rb7 {[%clk 0:26:19]} 43. Nb2 {[%clk 0:26:49]} Nh8
{[%clk 0:22:56]} 44. Kd3 {[%clk 0:25:30]} Nf7 {[%clk 0:23:13]} 45. Rcg2
{[%clk 0:25:37]} g5 {[%clk 0:22:51]} 46. Nc4 {[%clk 0:24:42]} h5 {[%clk 0:20:48]}
47. Nb6 {[%clk 0:24:15]} Rg8 {[%clk 0:19:49]} 48. Nc4 {[%clk 0:16:19]} Nh6
{[%clk 0:18:06]} 49. Na5 {[%clk 0:15:54]} Rc7 {[%clk 0:18:14]} 50. Bh4
{[%clk 0:15:09]} Nf7 {[%clk 0:12:14]} 51. Nc4 {[%clk 0:14:46]} Rb7
{[%clk 0:09:31]} 52. Na5 {[%clk 0:14:46]} Rc7 {[%clk 0:09:55]} 53. Nc4
{[%clk 0:15:10]} Ra7 {[%clk 0:01:59]} 54. Kd2 {[%clk 0:12:52]} Rc7
{[%clk 0:01:04]} 1/2-1/2

[Event "WYCC Open U18"]
[Site "Porto Carras"]
[Date "2015.10.26"]
[Round "2.16"]
[White "Rahman, Adel"]
[Black "Sardana, Rishi"]
[Result "0-1"]
[BlackElo "2385"]
[WhiteElo "2234"]
[LiveChessVersion "1.4.6"]

1. d4 {[%clk 1:30:53]} d5 {[%clk 1:30:50]} 2. c4 {[%clk 1:31:14]} c6
{[%clk 1:30:41]} 3. cxd5 {[%clk 1:30:54]} cxd5 {[%clk 1:31:04]} 4. Bf4
{[%clk 1:31:17]} Nc6 {[%clk 1:31:27]} 5. e3 {[%clk 1:31:39]} Bf5 {[%clk 1:31:26]}
6. Nc3 {[%clk 1:31:53]} e6 {[%clk 1:31:47]} 7. Qb3 {[%clk 1:27:17]} Qd7
{[%clk 1:24:37]} 8. Nf3 {[%clk 1:18:33]} f6 {[%clk 1:24:24]} 9. Be2
{[%clk 1:14:41]} g5 {[%clk 1:21:08]} 10. Bg3 {[%clk 1:15:00]} Bg6
{[%clk 1:21:04]} 11. O-O {[%clk 1:10:04]} Rc8 {[%clk 1:10:12]} 12. Rac1
{[%clk 1:06:13]} Nge7 {[%clk 1:06:01]} 13. Na4 {[%clk 0:55:52]} Nf5
{[%clk 1:04:36]} 14. Nc5 {[%clk 0:55:01]} Bxc5 {[%clk 1:05:00]} 15. Rxc5
{[%clk 0:55:19]} Kf7 {[%clk 0:59:26]} 16. Rfc1 {[%clk 0:49:59]} h5
{[%clk 0:57:49]} 17. h4 {[%clk 0:47:58]} g4 {[%clk 0:53:31]} 18. Nd2
{[%clk 0:47:41]} Nxg3 {[%clk 0:49:40]} 19. fxg3 {[%clk 0:48:06]} Ne7
{[%clk 0:49:34]} 20. Qb5 {[%clk 0:27:13]} Qxb5 {[%clk 0:42:05]} 21. Bxb5
{[%clk 0:27:37]} b6 {[%clk 0:39:15]} 22. Rc7 {[%clk 0:25:32]} Rxc7
{[%clk 0:39:29]} 23. Rxc7 {[%clk 0:25:55]} Rc8 {[%clk 0:39:52]} 24. Rxc8
{[%clk 0:17:11]} Nxc8 {[%clk 0:40:16]} 25. Kf2 {[%clk 0:17:17]} Nd6
{[%clk 0:40:32]} 26. Be2 {[%clk 0:16:17]} Bc2 {[%clk 0:32:24]} 27. Ke1
{[%clk 0:11:35]} e5 {[%clk 0:24:31]} 28. dxe5 {[%clk 0:08:52]} fxe5
{[%clk 0:24:47]} 29. Bd1 {[%clk 0:09:04]} Bxd1 {[%clk 0:20:18]} 30. Kxd1
{[%clk 0:09:30]} Nf5 {[%clk 0:20:36]} 31. Nf1 {[%clk 0:09:35]} e4
{[%clk 0:19:41]} 32. Kd2 {[%clk 0:01:52]} Ke6 {[%clk 0:19:58]} 33. Kc3
{[%clk 0:02:00]} Ke5 {[%clk 0:20:22]} 34. b3 {[%clk 0:01:10]} a5 {[%clk 0:20:20]}
35. a4 {[%clk 0:00:59]} Nxe3 {[%clk 0:19:54]} 36. Kd4+ 0-1

[Event "WYCC Open U18"]
[Site "Porto Carras"]
[Date "2015.10.26"]
[Round "2.17"]
[White "Carneiro, Vitor Roberto Castro"]
[Black "Ragnarsson, Dagur"]
[Result "1-0"]
[BlackElo "2265"]
[WhiteElo "2381"]
[LiveChessVersion "1.4.6"]

1. c4 {[%clk 1:30:51]} f5 {[%clk 1:30:55]} 2. Nf3 {[%clk 1:30:55]} Nf6
{[%clk 1:31:19]} 3. g3 {[%clk 1:31:10]} e6 {[%clk 1:31:46]} 4. Bg2
{[%clk 1:31:22]} d5 {[%clk 1:32:10]} 5. d4 {[%clk 1:31:36]} c6 {[%clk 1:32:35]}
6. O-O {[%clk 1:31:54]} Bd6 {[%clk 1:33:03]} 7. Nc3 {[%clk 1:31:26]} O-O
{[%clk 1:32:09]} 8. Qc2 {[%clk 1:31:18]} a5 {[%clk 1:31:18]} 9. Rb1
{[%clk 1:22:22]} b6 {[%clk 1:29:05]} 10. Ne5 {[%clk 1:15:37]} Bxe5
{[%clk 1:26:48]} 11. dxe5 {[%clk 1:15:49]} Ne4 {[%clk 1:27:14]} 12. f3
{[%clk 0:57:28]} Nxc3 {[%clk 1:26:16]} 13. Qxc3 {[%clk 0:57:43]} d4
{[%clk 1:16:33]} 14. Qd3 {[%clk 0:46:14]} c5 {[%clk 1:11:05]} 15. e3
{[%clk 0:44:41]} Ra7 {[%clk 0:51:07]} 16. exd4 {[%clk 0:42:25]} cxd4
{[%clk 0:49:57]} 17. a3 {[%clk 0:34:29]} a4 {[%clk 0:43:18]} 18. Rd1
{[%clk 0:25:29]} Qc7 {[%clk 0:31:05]} 19. Qxd4 {[%clk 0:22:17]} Nc6
{[%clk 0:31:19]} 20. Qf2 {[%clk 0:18:51]} Na5 {[%clk 0:20:27]} 21. Be3
{[%clk 0:17:42]} Nxc4 {[%clk 0:20:41]} 22. Rbc1 {[%clk 0:16:03]} Ra6
{[%clk 0:20:11]} 23. Bxb6 {[%clk 0:10:39]} Qxb6 {[%clk 0:16:13]} 24. Rxc4
{[%clk 0:10:58]} Qb3 {[%clk 0:16:42]} 25. Rdc1 {[%clk 0:09:27]} Ra8
{[%clk 0:12:43]} 26. Rb4 {[%clk 0:07:38]} Qd3 {[%clk 0:12:59]} 27. f4
{[%clk 0:07:26]} Ra5 {[%clk 0:13:04]} 28. Qd4 {[%clk 0:03:48]} Qa6
{[%clk 0:11:08]} 29. Rb8 {[%clk 0:02:51]} Rb5 {[%clk 0:10:11]} 30. Ra8
{[%clk 0:02:50]} 1-0

[Event "WYCC Open U18"]
[Site "Porto Carras"]
[Date "2015.10.26"]
[Round "2.18"]
[White "Thogersen, Rasmus"]
[Black "Kessler, Luca"]
[Result "0-1"]
[BlackElo "2380"]
[WhiteElo "2220"]
[LiveChessVersion "1.4.6"]

1. d4 {[%clk 1:30:57]} Nf6 {[%clk 1:29:30]} 2. c4 {[%clk 1:31:22]} g6
{[%clk 1:29:34]} 3. Nc3 {[%clk 1:31:46]} Bg7 {[%clk 1:29:20]} 4. e4
{[%clk 1:32:10]} d6 {[%clk 1:29:23]} 5. Nf3 {[%clk 1:32:35]} O-O {[%clk 1:29:32]}
6. Be2 {[%clk 1:32:59]} e5 {[%clk 1:29:29]} 7. O-O {[%clk 1:32:52]} Nc6
{[%clk 1:29:12]} 8. d5 {[%clk 1:33:17]} Ne7 {[%clk 1:29:34]} 9. Ne1
{[%clk 1:33:36]} Nd7 {[%clk 1:29:38]} 10. Be3 {[%clk 1:33:59]} f5
{[%clk 1:29:36]} 11. f3 {[%clk 1:34:16]} f4 {[%clk 1:29:28]} 12. Bf2
{[%clk 1:34:41]} g5 {[%clk 1:29:07]} 13. Nd3 {[%clk 1:28:31]} Ng6
{[%clk 1:28:45]} 14. Nb5 {[%clk 1:27:57]} b6 {[%clk 1:11:20]} 15. b4
{[%clk 1:28:13]} a6 {[%clk 1:11:28]} 16. Nc3 {[%clk 1:28:33]} Nf6
{[%clk 1:10:37]} 17. c5 {[%clk 1:28:12]} h5 {[%clk 1:05:15]} 18. h3
{[%clk 1:25:02]} Rf7 {[%clk 1:01:12]} 19. cxb6 {[%clk 1:09:23]} cxb6
{[%clk 1:01:31]} 20. b5 {[%clk 1:05:50]} axb5 {[%clk 0:48:32]} 21. Nb4
{[%clk 0:58:26]} g4 {[%clk 0:47:05]} 22. Nc6 {[%clk 0:50:32]} Qf8
{[%clk 0:45:59]} 23. fxg4 {[%clk 0:45:56]} hxg4 {[%clk 0:46:21]} 24. hxg4
{[%clk 0:45:53]} Bh6 {[%clk 0:46:19]} 25. Nxb5 {[%clk 0:33:09]} f3
{[%clk 0:26:48]} 26. Bxf3 {[%clk 0:27:13]} Bg5 {[%clk 0:21:31]} 27. g3
{[%clk 0:22:47]} Ba6 {[%clk 0:16:20]} 28. Qb3 {[%clk 0:13:19]} Bxb5
{[%clk 0:12:30]} 29. Qxb5 {[%clk 0:13:42]} Ra3 {[%clk 0:09:05]} 30. Be2
{[%clk 0:07:06]} Qh6 {[%clk 0:08:03]} 31. Kg2 {[%clk 0:05:41]} Nxe4
{[%clk 0:08:23]} 32. Bd3 {[%clk 0:01:42]} Nxf2 {[%clk 0:08:06]} 33. Rxf2
{[%clk 0:02:07]} Rxf2+ {[%clk 0:07:33]} 34. Kxf2 {[%clk 0:02:32]} Qh2+
{[%clk 0:07:49]} 35. Kf3 {[%clk 0:01:58]} e4+ {[%clk 0:05:15]} 36. Kxe4
{[%clk 0:02:24]} Qxg3 {[%clk 0:05:09]} 37. Kf5 {[%clk 0:00:51]} Qf4+
{[%clk 0:05:29]} 38. Ke6 {[%clk 0:01:08]} Nf8# {[%clk 0:05:53]} 0-1

[Event "WYCC Open U18"]
[Site "Porto Carras"]
[Date "2015.10.27"]
[Round "3.1"]
[White "Vaibhav, Suri"]
[Black "Carneiro, Vitor Roberto Castro"]
[Result "1/2-1/2"]
[BlackElo "2381"]
[WhiteElo "2561"]
[LiveChessVersion "1.4.6"]

1. d4 {[%clk 1:30:45]} Nf6 {[%clk 1:30:27]} 2. c4 {[%clk 1:31:07]} g6
{[%clk 1:30:36]} 3. Nf3 {[%clk 1:31:23]} Bg7 {[%clk 1:30:45]} 4. g3
{[%clk 1:31:48]} O-O {[%clk 1:30:51]} 5. Bg2 {[%clk 1:32:14]} d6 {[%clk 1:30:41]}
6. O-O {[%clk 1:32:33]} Nbd7 {[%clk 1:30:18]} 7. Nc3 {[%clk 1:32:52]} e5
{[%clk 1:30:14]} 8. e4 {[%clk 1:33:08]} Re8 {[%clk 1:29:38]} 9. h3
{[%clk 1:31:08]} exd4 {[%clk 1:29:10]} 10. Nxd4 {[%clk 1:31:32]} Nc5
{[%clk 1:28:56]} 11. Re1 {[%clk 1:30:43]} a5 {[%clk 1:28:42]} 12. Ndb5
{[%clk 1:26:12]} Bd7 {[%clk 1:25:17]} 13. Bf4 {[%clk 1:24:31]} Bxb5
{[%clk 1:21:55]} 14. cxb5 {[%clk 1:22:41]} Nfd7 {[%clk 1:21:30]} 15. Qc2
{[%clk 1:15:11]} h5 {[%clk 1:09:28]} 16. Rad1 {[%clk 1:06:25]} Ne6
{[%clk 0:59:03]} 17. e5 {[%clk 0:52:06]} dxe5 {[%clk 0:38:19]} 18. Bxe5
{[%clk 0:51:11]} Bxe5 {[%clk 0:36:03]} 19. Rxe5 {[%clk 0:51:30]} Nxe5
{[%clk 0:36:09]} 20. Rxd8 {[%clk 0:51:48]} Raxd8 {[%clk 0:33:47]} 21. Nd5
{[%clk 0:46:31]} Nd7 {[%clk 0:26:06]} 22. Qc3 {[%clk 0:44:26]} Rc8
{[%clk 0:21:56]} 23. Qa3 {[%clk 0:34:00]} Rb8 {[%clk 0:15:57]} 24. b3
{[%clk 0:30:46]} Red8 {[%clk 0:08:47]} 25. Qxa5 {[%clk 0:28:05]} Ra8
{[%clk 0:08:21]} 26. Qd2 {[%clk 0:27:23]} Nb6 {[%clk 0:07:11]} 27. Nf6+
{[%clk 0:26:22]} Kf8 {[%clk 0:04:51]} 28. Qc2 {[%clk 0:21:57]} Ke7
{[%clk 0:03:57]} 29. Ne4 {[%clk 0:21:52]} Rd5 {[%clk 0:00:43]} 30. a4
{[%clk 0:20:11]} Rad8 {[%clk 0:00:40]} 31. a5 {[%clk 0:18:14]} Nc8
{[%clk 0:00:39]} 32. Nc3 {[%clk 0:15:16]} Rd2 {[%clk 0:00:47]} 33. Qe4
{[%clk 0:15:32]} R8d3 {[%clk 0:00:38]} 34. a6 {[%clk 0:11:18]} Nd6
{[%clk 0:00:35]} 35. Qb4 {[%clk 0:10:30]} c5 {[%clk 0:00:32]} 36. Qa5
{[%clk 0:04:14]} b6 {[%clk 0:00:55]} 37. Qa1 {[%clk 0:04:36]} Nxb5
{[%clk 0:01:01]} 38. a7 {[%clk 0:02:21]} Nxc3 {[%clk 0:00:59]} 39. Qa6
{[%clk 0:02:50]} Rd1+ {[%clk 0:00:32]} 40. Kh2 {[%clk 0:33:18]} Nc7
{[%clk 0:30:39]} 41. Qxb6 {[%clk 0:27:19]} N3b5 {[%clk 0:29:09]} 42. a8=Q
{[%clk 0:21:08]} Nxa8 {[%clk 0:29:11]} 43. Qxb5 {[%clk 0:21:18]} Nc7
{[%clk 0:25:20]} 44. Qxc5+ {[%clk 0:21:21]} Kd7 {[%clk 0:24:11]} 45. Bc6+
{[%clk 0:20:59]} Ke6 {[%clk 0:23:59]} 46. Bf3 {[%clk 0:16:39]} R1d2
{[%clk 0:24:05]} 47. Qxc7 {[%clk 0:12:06]} Rxf2+ {[%clk 0:24:20]} 48. Bg2
{[%clk 0:12:35]} Rdd2 {[%clk 0:24:36]} 49. Qc6+ {[%clk 0:13:02]} Ke5
{[%clk 0:20:27]} 50. Qe4+ {[%clk 0:11:28]} Kd6 {[%clk 0:19:31]} 51. Qc6+
{[%clk 0:03:53]} Ke5 {[%clk 0:19:48]} 52. Qe4+ {[%clk 0:04:20]} Kd6
{[%clk 0:19:23]} 53. Qb4+ {[%clk 0:01:51]} Ke6 {[%clk 0:18:36]} 54. Qb6+
{[%clk 0:02:03]} Ke5 {[%clk 0:18:11]} 55. Qe3+ {[%clk 0:01:33]} Kd6
{[%clk 0:18:02]} 56. Qe4 {[%clk 0:01:45]} Rxg2+ {[%clk 0:16:10]} 57. Qxg2
{[%clk 0:02:14]} Rxg2+ {[%clk 0:16:31]} 58. Kxg2 {[%clk 0:02:43]} Kd5
{[%clk 0:16:30]} 59. Kf3 {[%clk 0:02:12]} Kd4 {[%clk 0:16:52]} 60. Ke2
{[%clk 0:01:41]} Kc3 {[%clk 0:15:31]} 61. Ke3 {[%clk 0:01:56]} 1/2-1/2